Algunas vicisitudes históricas de las economías abiertas en América Latina (Registro nro. 16312)

Detalles MARC
000 -LEADER
fixed length control field 00378 a2200109 4500
001 - CONTROL NUMBER
control field ART_3310
005 - DATE AND TIME OF LATEST TRANSACTION
control field 20260410161713.0
008 - FIXED-LENGTH DATA ELEMENTS--GENERAL INFORMATION
fixed length control field 260409a
100 1# - MAIN ENTRY--PERSONAL NAME
Personal name Díaz Alejandro, Carlos F.
245 10 - TITLE STATEMENT
Title Algunas vicisitudes históricas de las economías abiertas en América Latina
773 0# - HOST ITEM ENTRY
Title Desarrollo económico
Related parts - Vol. 19, Nº 74 (jul./sep. 1979)
Record control number REV1174

No hay ítems disponibles.